Otros caminos: (Record no. 52037)
[ view plain ]
| 000 -CABECERA | |
|---|---|
| campo de control de longitud fija | 01081nam a2200301 a 4500 |
| 003 - IDENTIFICADOR DEL NÚMERO DE CONTROL | |
| campo de control | DO-SdBNP |
| 005 - FECHA Y HORA DE LA ÚLTIMA TRANSACCIÓN | |
| campo de control | 20220707135907.0 |
| 007 - CAMPO FIJO DE DESCRIPCIÓN FÍSICA--INFORMACIÓN GENERAL | |
| campo de control de longitud fija | ta |
| 008 - DATOS DE LONGITUD FIJA--INFORMACIÓN GENERAL | |
| campo de control de longitud fija | 220614e20212012pr ||||gr|||| 001 edspa d |
| 020 ## - NÚMERO INTERNACIONAL ESTÁNDAR DEL LIBRO | |
| Número Internacional Estándar del Libro | 9789945455755 |
| 040 ## - FUENTE DE LA CATALOGACIÓN | |
| Centro catalogador/agencia de origen | DO-SdBNP |
| Lengua de catalogación | spa |
| Centro/agencia transcriptor | BNPHU |
| 082 #4 - NÚMERO DE LA CLASIFICACIÓN DECIMAL DEWEY | |
| Número de edición | 22 |
| Número de documento/Ítem | R788o 2021 |
| Número de clasificación | 2021 |
| 245 10 - MENCIÓN DE TÍTULO | |
| Título | Otros caminos: |
| Resto del título | propuesta para la crisis de Puerto Rico: una fe que busca entendimiento. / |
| Mención de responsabilidad, etc. | Editor, Ángel Rosa Vélez |
| 250 ## - MENCIÓN DE EDICIÓN | |
| Mención de edición | 2da. ed. rev. |
| 260 ## - PUBLICACIÓN, DISTRIBUCIÓN, ETC. | |
| Lugar de publicación, distribución, etc. | Santo Domingo : |
| Nombre del editor, distribuidor, etc. | Isla Negra, |
| Fecha de publicación, distribución, etc. | 2021 |
| 300 ## - DESCRIPCIÓN FÍSICA | |
| Extensión | 172 p. : |
| Dimensiones | 21 cm. |
| 490 ## - MENCIÓN DE SERIE | |
| Mención de serie | Visión y Cegueras |
| 500 ## - NOTA GENERAL | |
| Nota general | Incluye datos biográficos del autor en las solapas de la cubiertas. |
| 500 ## - NOTA GENERAL | |
| Nota general | Incluye bibliografía y notas al pié de páginas. |
| 590 ## - NOTA LOCAL (RLIN) | |
| Nota local | Inventariado 2022 / MF |
| 651 #4 - PUNTO DE ACCESO ADICIONAL DE MATERIA--NOMBRE GEOGRÁFICO | |
| 9 (RLIN) | 16159 |
| Nombre geográfico | Puerto Rico |
| Subdivisión general | Condiciones Económicas |
| 651 ## - PUNTO DE ACCESO ADICIONAL DE MATERIA--NOMBRE GEOGRÁFICO | |
| 9 (RLIN) | 55221 |
| Nombre geográfico | Puerto Rico |
| Subdivisión general | Congresos, Conferencias, etc. |
| 651 #4 - PUNTO DE ACCESO ADICIONAL DE MATERIA--NOMBRE GEOGRÁFICO | |
| 9 (RLIN) | 12600 |
| Nombre geográfico | Puerto Rico |
| Subdivisión general | Condiciones Sociales |
| 700 1# - PUNTO DE ACCESO ADICIONAL--NOMBRE DE PERSONA | |
| Nombre de persona | Rosa Vélez, Ángel, |
| Fechas asociadas al nombre | 1950- |
| 9 (RLIN) | 1184 |
| 830 ## - PUNTO DE ACCESO ADICIONAL DE SERIE-TÍTULO UNIFORME | |
| Título uniforme | Visión y Cegueras |
| Lenguaje de la obra | spa |
| 9 (RLIN) | 81860 |
| 910 ## - DATOS DE OPCIÓN DEL USUARIO (OCLC) | |
| Datos de opción del usuario | MFeliz |
| 942 ## - ELEMENTOS DE PUNTO DE ACCESO ADICIONAL (KOHA) | |
| Fuente del sistema de clasificación o colocación | Dewey Decimal Classification |
| Tipo de ítem Koha | Libro |
| Estado de retiro | Estado de pérdida | Fuente del sistema de clasificación o colocación | Restricciones de uso | No para préstamo | Código de colección | Localización permanente | Ubicación/localización actual | Ubicación en estantería | Fecha de adquisición | Fuente de adquisición | Total de préstamos | Signatura topográfica completa | Código de barras | Fecha visto por última vez | Precio válido a partir de | Tipo de ítem Koha | Número de copia |
|---|---|---|---|---|---|---|---|---|---|---|---|---|---|---|---|---|---|
| Dewey Decimal Classification | Excluido de préstamo | Patrimonio Dominicano | Biblioteca Nacional Pedro Henríquez Ureña | Biblioteca Nacional Pedro Henríquez Ureña | En catalogación | 01.02.2022 | Depósito legal | R788o | 2022-3001 | 14.06.2022 | 14.06.2022 | Libro | |||||
| Dewey Decimal Classification | Excluido de préstamo | Patrimonio Dominicano | Biblioteca Nacional Pedro Henríquez Ureña | Biblioteca Nacional Pedro Henríquez Ureña | En catalogación | 01.02.2022 | Depósito legal | R788o | 2022-3002 | 14.06.2022 | 14.06.2022 | Libro | e.2 | ||||
| Dewey Decimal Classification | Préstamo en sala | Dominicana de Servicio | Biblioteca Nacional Pedro Henríquez Ureña | Biblioteca Nacional Pedro Henríquez Ureña | En catalogación | 01.02.2022 | Depósito legal | R788o | 2022-3003 | 14.06.2022 | 14.06.2022 | Libro | e.3 |
